| 000 | 00721nam a2200181 a 4500 | ||
|---|---|---|---|
| 008 | 060410s2005 ||||||||||||||||| || u | ||
| 020 | _a0821362410 | ||
| 050 | _aIBRD(06)OED/2005/5 | ||
| 110 | _aWorld Bank | ||
| 245 | 1 | 0 | _aCapacity building in Africa: an OED evaluation of World Bank support |
| 260 |
_aWashington, D. C. _bWorld Bank _c2005 |
||
| 300 | _axvii; 92p. ; ill. | ||
| 350 | _a0.00 | ||
| 490 | _aWorld Bank Operations Evaluation Department (OED) | ||
| 650 | _aAFRICA--ECONOMIC ASPECTS--DEVELOPMENT | ||
| 856 | _uhttp://www.worldbank.org/oed | ||
| 995 |
_D0.00 _FCBU-MAIN LIBRARY (Kitwe) _H1 _I0.00 _M1 _UAVAILABLE _WApr 10, 2006 _ZInternational Publications |
||
| 999 |
_c36686 _d36686 |
||